| 000 | 00488cam a2200193ua 4500 | ||
|---|---|---|---|
| 001 | 2092 | ||
| 008 | 110806n ii |||gr||||Z||||||eng | ||
| 020 | _a810-7020-573-5 | ||
| 040 | _cMAIN | ||
| 082 | _a370 | ||
| 100 | _aMohanty, Jagannath, | ||
| 245 | 1 |
_aCurrent issue in education _cby Jagannath Mohanty |
|
| 250 | _a1st. | ||
| 260 |
_aNew Delhi: _bCosmo publications,992. |
||
| 300 |
_avi; 349p: _c23cm. |
||
| 653 | _aEducation | ||
| 653 | _aCurrent issue in education | ||
| 942 | _cBK | ||
| 999 |
_c1961 _d1961 |
||